<?xml version="1.0" encoding="UTF-8"?><marc:collection xmlns:marc="http://www.loc.gov/MARC21/slim">
  <marc:record>
    <marc:leader>00000nam  2200000za 4500</marc:leader>
    <marc:controlfield tag="001">9.832354</marc:controlfield>
    <marc:controlfield tag="003">CaOODSP</marc:controlfield>
    <marc:controlfield tag="005">20221107145948</marc:controlfield>
    <marc:controlfield tag="007">cr |||||||||||</marc:controlfield>
    <marc:controlfield tag="008">170214k19331942oncabdo os   f001 0 eng d</marc:controlfield>
    <marc:datafield tag="040" ind1=" " ind2=" ">
      <marc:subfield code="a">CaOODSP</marc:subfield>
      <marc:subfield code="b">eng</marc:subfield>
    </marc:datafield>
    <marc:datafield tag="041" ind1=" " ind2=" ">
      <marc:subfield code="a">eng</marc:subfield>
      <marc:subfield code="a">fre</marc:subfield>
    </marc:datafield>
    <marc:datafield tag="043" ind1=" " ind2=" ">
      <marc:subfield code="a">n-cn---</marc:subfield>
    </marc:datafield>
    <marc:datafield tag="045" ind1=" " ind2=" ">
      <marc:subfield code="a">x3x3</marc:subfield>
    </marc:datafield>
    <marc:datafield tag="086" ind1="1" ind2=" ">
      <marc:subfield code="a">CS98-1931-PDF</marc:subfield>
      <marc:subfield code="z">CS98-1931 (F)</marc:subfield>
    </marc:datafield>
    <marc:datafield tag="245" ind1="0" ind2="0">
      <marc:subfield code="a">Seventh census of Canada, 1931 </marc:subfield>
      <marc:subfield code="h">[electronic resource]. </marc:subfield>
    </marc:datafield>
    <marc:datafield tag="246" ind1="1" ind2="5">
      <marc:subfield code="a">Septième recensement du Canada 1931 </marc:subfield>
    </marc:datafield>
    <marc:datafield tag="246" ind1="3" ind2=" ">
      <marc:subfield code="a">Report on the seventh census of Canada, 1931</marc:subfield>
    </marc:datafield>
    <marc:datafield tag="246" ind1="3" ind2="7">
      <marc:subfield code="a">Census of Canada 1931</marc:subfield>
    </marc:datafield>
    <marc:datafield tag="260" ind1=" " ind2=" ">
      <marc:subfield code="a">Ottawa : </marc:subfield>
      <marc:subfield code="b">Dominion Bureau of Statistics, </marc:subfield>
      <marc:subfield code="c">1933-1942 </marc:subfield>
      <marc:subfield code="f">(J.O. Patenaude, Printer to the King's Most Excellent Majesty)</marc:subfield>
    </marc:datafield>
    <marc:datafield tag="300" ind1=" " ind2=" ">
      <marc:subfield code="a">13 v. (1519 p. ; xv, 939 p. ;  xvi, 1009 p. ; xx, 1413 p. ; xlvii, 1730 p. ; xxviii, 1319 p. ;  xxvii, 1007 p. ; ccxxii, 838 p. ; lii, 495 p. ; lxxxiii, 1077 p. ; xii, 1298 p. ; xlviii, 902 p. ; xiii, 828 p.) </marc:subfield>
      <marc:subfield code="b">ill., graphs, maps (some col.), photographs</marc:subfield>
    </marc:datafield>
    <marc:datafield tag="500" ind1=" " ind2=" ">
      <marc:subfield code="a">Chiefly tables.</marc:subfield>
    </marc:datafield>
    <marc:datafield tag="500" ind1=" " ind2=" ">
      <marc:subfield code="a">Added t.p. title: Septième recensement du Canada 1931. </marc:subfield>
    </marc:datafield>
    <marc:datafield tag="500" ind1=" " ind2=" ">
      <marc:subfield code="a">Volumes 1, 12-13 published separately in English and French.</marc:subfield>
    </marc:datafield>
    <marc:datafield tag="500" ind1=" " ind2=" ">
      <marc:subfield code="a">Errata laid in.</marc:subfield>
    </marc:datafield>
    <marc:datafield tag="500" ind1=" " ind2=" ">
      <marc:subfield code="a">Historical census publication digitized in 2010 [by Statistics Canada].</marc:subfield>
    </marc:datafield>
    <marc:datafield tag="504" ind1=" " ind2=" ">
      <marc:subfield code="a">Includes bibliographical references and indexes.</marc:subfield>
    </marc:datafield>
    <marc:datafield tag="505" ind1="0" ind2=" ">
      <marc:subfield code="a">v. 1. Summary -- v. 2. Population by areas -- v. 3. Ages of the people, classified by sex, conjugal condition, racial origin, religion, birthplace, language, literacy, school attendance, year of immigration, naturalization, etc. -- v. 4. Cross-classification -- v. 5. Earnings of wage-earners, dwellings, households, families, blind and deaf-mutes -- v. 6. Unemployment -- v. 7, Occupations and industries -- v. 8. Agriculture -- v. 9. Institutions -- v. 10. Merchandising and service establishments--part I. Retail merchandise trade: summary for Canada and statistics for provinces, cities, towns and counties or census divisions -- v. 11. Merchandising and service establishments--part II. Retail services, wholesale trade retail chains, hotels, distribution of sales of manufactures -- v. 12. Monographs - the Canadian family, fertility of the population of Canada, housing in Canada, illiteracy and school attendance, the age of distribution of the Canadian people, Canadian life tables -- v. 13. Monographs - unemployment, dependency of youth, rural and urban composition of the Canadian population, racial origins and nativity of the Canadian people. </marc:subfield>
    </marc:datafield>
    <marc:datafield tag="520" ind1=" " ind2=" ">
      <marc:subfield code="a">Report of the seventh census of Canada, 1931. Vol. 1 gives the history and purpose of the census, the legislation under which it is taken, the methods of collecting, checking and compiling the date, and a series of descriptive chapters summarizing the data for each of the subjects included in the whole census. Vol. 2 sets forth the total population enumerated as of date June 1st, 1931, down to the smallest geographical areas. Vol. 3 analyses the population data with ages as the basis of cross-classification. Vol. 4 contains the cross-classification of the various subjects included on the census schedule. Vol. 5 presents detailed statistics of the earnings of wage-earners, and also of dwellings, households, families, blind and deaf-mutes. Vol. 6 contains statistics of unemployment among wage-earners on the date of the census, June 1, 1931 and over the period June 1, 1930 to 1931 by industry, occupation, cause, age, sex. etc. Vol. 7 contains statistics of the occupations and industries of the gainfully occupied population by birthplace, racial origin, conjugal condition, age, sex, etc. Vol. 8 gives the complete results of the census of agriculture. Vol. 9 covers the census of institutions and includes statistics of hospitals for the sick, and penal, corrective and reformative institutions. Vol. 10 contains detailed statistics on retail merchandise trade. Vol. 11 presents the merchandising statistics for service establishments and wholesale trade.  Vol. 12 brings together the 1931 census monographs dealing with families, fertility, housing, illiteracy and school attendance, age distribution and life tables. Vol. 13 comprises the 1931 census monographs dealing with unemployment, dependency of youth, rural and urban distribution and racial origins and nativity.</marc:subfield>
    </marc:datafield>
    <marc:datafield tag="546" ind1=" " ind2=" ">
      <marc:subfield code="a">Text in English and in French. French text follows the English. </marc:subfield>
    </marc:datafield>
    <marc:datafield tag="692" ind1="0" ind2="7">
      <marc:subfield code="2">gccst</marc:subfield>
      <marc:subfield code="a">Census</marc:subfield>
    </marc:datafield>
    <marc:datafield tag="710" ind1="1" ind2=" ">
      <marc:subfield code="a">Canada. </marc:subfield>
      <marc:subfield code="b">Dominion Bureau of Statistics.</marc:subfield>
    </marc:datafield>
    <marc:datafield tag="740" ind1="0" ind2="2">
      <marc:subfield code="a">Summary</marc:subfield>
    </marc:datafield>
    <marc:datafield tag="740" ind1="0" ind2="2">
      <marc:subfield code="a">Population by areas </marc:subfield>
    </marc:datafield>
    <marc:datafield tag="740" ind1="0" ind2="2">
      <marc:subfield code="a">Ages of the people, classified by sex, conjugal condition, racial origin, religion, birthplace, language, literacy, school attendance, year of immigration, naturalization, etc.</marc:subfield>
    </marc:datafield>
    <marc:datafield tag="740" ind1="0" ind2="2">
      <marc:subfield code="a">Cross-classification</marc:subfield>
    </marc:datafield>
    <marc:datafield tag="740" ind1="0" ind2="2">
      <marc:subfield code="a">Earnings of wage-earners, dwellings, households, families, blind and deaf-mutes</marc:subfield>
    </marc:datafield>
    <marc:datafield tag="740" ind1="0" ind2="2">
      <marc:subfield code="a">Unemployment</marc:subfield>
    </marc:datafield>
    <marc:datafield tag="740" ind1="0" ind2="2">
      <marc:subfield code="a">Occupations and industries</marc:subfield>
    </marc:datafield>
    <marc:datafield tag="740" ind1="0" ind2="2">
      <marc:subfield code="a">Agriculture</marc:subfield>
    </marc:datafield>
    <marc:datafield tag="740" ind1="0" ind2="2">
      <marc:subfield code="a">Institutions </marc:subfield>
    </marc:datafield>
    <marc:datafield tag="740" ind1="0" ind2="2">
      <marc:subfield code="a">Merchandising and service establishments--part I. Retail merchandise trade: summary for Canada and statistics for provinces, cities, towns and counties or census divisions </marc:subfield>
    </marc:datafield>
    <marc:datafield tag="740" ind1="0" ind2="2">
      <marc:subfield code="a">Merchandising and service establishments--part II. Retail services, wholesale trade retail chains, hotels, distribution of sales of manufactures </marc:subfield>
    </marc:datafield>
    <marc:datafield tag="740" ind1="0" ind2="2">
      <marc:subfield code="a">Monographs - the Canadian family, fertility of the population of Canada, housing in Canada, illiteracy and school attendance, the age of distribution of the Canadian people, Canadian life tables </marc:subfield>
    </marc:datafield>
    <marc:datafield tag="740" ind1="0" ind2="2">
      <marc:subfield code="a">Monographs - unemployment, dependency of youth, rural and urban composition of the Canadian population, racial origins and nativity of the Canadian people</marc:subfield>
    </marc:datafield>
    <marc:datafield tag="792" ind1=" " ind2=" ">
      <marc:subfield code="t">Seventh census of Canada, 1931 </marc:subfield>
      <marc:subfield code="e">fre</marc:subfield>
      <marc:subfield code="w">(CaOODSP)9.832385</marc:subfield>
    </marc:datafield>
    <marc:datafield tag="856" ind1="4" ind2="0">
      <marc:subfield code="q">PDF</marc:subfield>
      <marc:subfield code="s">88.40 MB</marc:subfield>
      <marc:subfield code="u">https://publications.gc.ca/collections/collection_2017/statcan/CS98-1931-1-eng.pdf</marc:subfield>
      <marc:subfield code="z">Vol. 1</marc:subfield>
    </marc:datafield>
    <marc:datafield tag="856" ind1="4" ind2="0">
      <marc:subfield code="q">PDF</marc:subfield>
      <marc:subfield code="s">61.33 MB</marc:subfield>
      <marc:subfield code="u">https://publications.gc.ca/collections/collection_2017/statcan/CS98-1931-2.pdf</marc:subfield>
      <marc:subfield code="z">Vol. 2</marc:subfield>
    </marc:datafield>
    <marc:datafield tag="856" ind1="4" ind2="0">
      <marc:subfield code="q">PDF</marc:subfield>
      <marc:subfield code="s">58.21 MB</marc:subfield>
      <marc:subfield code="u">https://publications.gc.ca/collections/collection_2017/statcan/CS98-1931-3.pdf</marc:subfield>
      <marc:subfield code="z">Vol. 3</marc:subfield>
    </marc:datafield>
    <marc:datafield tag="856" ind1="4" ind2="0">
      <marc:subfield code="q">PDF</marc:subfield>
      <marc:subfield code="s">83.16 MB</marc:subfield>
      <marc:subfield code="u">https://publications.gc.ca/collections/collection_2017/statcan/CS98-1931-4.pdf</marc:subfield>
      <marc:subfield code="z">Vol. 4</marc:subfield>
    </marc:datafield>
    <marc:datafield tag="856" ind1="4" ind2="0">
      <marc:subfield code="q">PDF</marc:subfield>
      <marc:subfield code="s">122.71 MB</marc:subfield>
      <marc:subfield code="u">https://publications.gc.ca/collections/collection_2017/statcan/CS98-1931-5.pdf</marc:subfield>
      <marc:subfield code="z">Vol. 5</marc:subfield>
    </marc:datafield>
    <marc:datafield tag="856" ind1="4" ind2="0">
      <marc:subfield code="q">PDF</marc:subfield>
      <marc:subfield code="s">85.57 MB</marc:subfield>
      <marc:subfield code="u">https://publications.gc.ca/collections/collection_2017/statcan/CS98-1931-6.pdf</marc:subfield>
      <marc:subfield code="z">Vol. 6</marc:subfield>
    </marc:datafield>
    <marc:datafield tag="856" ind1="4" ind2="0">
      <marc:subfield code="q">PDF</marc:subfield>
      <marc:subfield code="s">68.49 MB</marc:subfield>
      <marc:subfield code="u">https://publications.gc.ca/collections/collection_2017/statcan/CS98-1931-7.pdf</marc:subfield>
      <marc:subfield code="z">Vol. 7</marc:subfield>
    </marc:datafield>
    <marc:datafield tag="856" ind1="4" ind2="0">
      <marc:subfield code="q">PDF</marc:subfield>
      <marc:subfield code="s">66.73 MB</marc:subfield>
      <marc:subfield code="u">https://publications.gc.ca/collections/collection_2017/statcan/CS98-1931-8.pdf</marc:subfield>
      <marc:subfield code="z">Vol. 8</marc:subfield>
    </marc:datafield>
    <marc:datafield tag="856" ind1="4" ind2="0">
      <marc:subfield code="q">PDF</marc:subfield>
      <marc:subfield code="s">30.34 MB</marc:subfield>
      <marc:subfield code="u">https://publications.gc.ca/collections/collection_2017/statcan/CS98-1931-9.pdf</marc:subfield>
      <marc:subfield code="z">Vol. 9</marc:subfield>
    </marc:datafield>
    <marc:datafield tag="856" ind1="4" ind2="0">
      <marc:subfield code="q">PDF</marc:subfield>
      <marc:subfield code="s">64.74 MB</marc:subfield>
      <marc:subfield code="u">https://publications.gc.ca/collections/collection_2017/statcan/CS98-1931-10.pdf</marc:subfield>
      <marc:subfield code="z">Vol. 10</marc:subfield>
    </marc:datafield>
    <marc:datafield tag="856" ind1="4" ind2="0">
      <marc:subfield code="q">PDF</marc:subfield>
      <marc:subfield code="s">69.38 MB</marc:subfield>
      <marc:subfield code="u">https://publications.gc.ca/collections/collection_2017/statcan/CS98-1931-11.pdf</marc:subfield>
      <marc:subfield code="z">Vol. 11</marc:subfield>
    </marc:datafield>
    <marc:datafield tag="856" ind1="4" ind2="0">
      <marc:subfield code="q">PDF</marc:subfield>
      <marc:subfield code="s">57.21 MB</marc:subfield>
      <marc:subfield code="u">https://publications.gc.ca/collections/collection_2017/statcan/CS98-1931-12-eng.pdf</marc:subfield>
      <marc:subfield code="z">Vol. 12</marc:subfield>
    </marc:datafield>
    <marc:datafield tag="856" ind1="4" ind2="0">
      <marc:subfield code="q">PDF</marc:subfield>
      <marc:subfield code="s">55.61 MB</marc:subfield>
      <marc:subfield code="u">https://publications.gc.ca/collections/collection_2017/statcan/CS98-1931-13-eng.pdf</marc:subfield>
      <marc:subfield code="z">Vol. 13</marc:subfield>
    </marc:datafield>
  </marc:record>
</marc:collection>
